#1 Hip-Hop/R&B Songs of the 1980's - Statistics

General Stats
  • This quiz has been taken 51 times
  • The average score is 84 of 224
Answer Stats
Year Weeks Song Artist % Correct
1988 1 Another Part of Me Michael Jackson
98%
1988 1 Man in the Mirror Michael Jackson
98%
1987/1988 4 The Way You Make Me Feel Michael Jackson
98%
1987 3 Bad Michael Jackson
98%
1987 1 I Just Can't Stop Loving You Michael Jackson
98%
1983 1 Beat It Michael Jackson
98%
1983 9 Billie Jean Michael Jackson
98%
1983 3 The Girl Is Mine Michael Jackson
98%
1980 6 Rock with You Michael Jackson
98%
1989 1 Batdance (From "Batman") Prince
91%
1987 3 Sign 'O' the Times Prince
91%
1984 8 When Doves Cry Prince
91%
1986 4 Kiss Prince / The Revolution
91%
1984 1 Let's Go Crazy Prince / The Revolution
91%
1989 2 Miss You Much Janet Jackson
89%
1987 1 The Pleasure Principle Janet Jackson
89%
1987 1 Let's Wait Awhile Janet Jackson
89%
1987 1 Control Janet Jackson
89%
1986 2 Nasty Janet Jackson
89%
1986 2 What Have You Done for Me Lately Janet Jackson
89%
1986 1 How Will I Know Whitney Houston
89%
1985 1 Saving All My Love for You Whitney Houston
89%
1985 1 You Give Good Love Whitney Houston
89%
1989 1 On Our Own (From "Ghostbusters II") Bobby Brown
80%
1989 1 Every Little Step Bobby Brown
80%
1988 2 My Prerogative Bobby Brown
80%
1988 2 Don't Be Cruel Bobby Brown
80%
1986/1987 2 Girlfriend Bobby Brown
80%
1988 1 Hey Lover Freddie Jackson
78%
1988 3 Nice 'N' Slow Freddie Jackson
78%
1987 1 Jam Tonight Freddie Jackson
78%
1987 2 Have You Ever Loved Somebody Freddie Jackson
78%
1986 4 Tasty Love Freddie Jackson
78%
1985 2 You Are My Lady Freddie Jackson
78%
1985 6 Rock Me Tonight (For Old Times Sake) Freddie Jackson
78%
1982/1983 10 Sexual Healing Marvin Gaye
78%
1986 1 A Little Bit More Melba Moore / Freddie Jackson
78%
1981 7 Endless Love Diana Ross / Lionel Richie
76%
1989 1 Don't Take It Personal Jermaine Jackson
76%
1980 6 Let's Get Serious Jermaine Jackson
76%
1988 1 You Will Know Stevie Wonder
73%
1987 2 Skeletons Stevie Wonder
73%
1985 6 Part-Time Lover Stevie Wonder
73%
1984 3 I Just Called to Say I Love You Stevie Wonder
73%
1982 9 That Girl Stevie Wonder
73%
1980 7 Master Blaster (Jammin') Stevie Wonder
73%
1986 2 Say You, Say Me Lionel Richie
71%
1984 3 Hello Lionel Richie
71%
1983 7 All Night Long (All Night) Lionel Richie
71%
1985 1 Cherish Kool & the Gang
67%
1985 1 Fresh Kool & the Gang
67%
1984 2 Joanna Kool & the Gang
67%
1981 1 Take My Heart (You Can Have It If You Want It) Kool & the Gang
67%
1980/1981 6 Celebration Kool & the Gang
67%
1989 2 Here and Now Luther Vandross
62%
1988 1 Any Love Luther Vandross
62%
1987 1 There's Nothing Better Than Love Luther Vandross
62%
1987 2 Stop to Love Luther Vandross
62%
1981 2 Never Too Much Luther Vandross
62%
1984 3 I Feel for You Chaka Khan
58%
1983 1 Ain't Nobody Chaka Khan
58%
1981 2 What Cha' Gonna Do for Me Chaka Khan
58%
1988 1 Get Outta My Dreams, Get Into My Car Billy Ocean
56%
1986 1 Love Zone Billy Ocean
56%
1986 2 There'll Be Sad Songs (To Make You Cry) Billy Ocean
56%
1984 4 Caribbean Queen (No More Love On the Run) Billy Ocean
56%
1985 5 Freeway of Love Aretha Franklin
51%
1983 2 Get It Right Aretha Franklin
51%
1982 4 Jump to It Aretha Franklin
51%
1983 3 She Works Hard for the Money Donna Summer
51%
1989 2 Can You Stand the Rain New Edition
51%
1985 3 Mr. Telephone Man New Edition
51%
1984 1 Cool It Now New Edition
51%
1983 1 Candy Girl New Edition
51%
1984 2 Ghostbusters Ray Parker Jr.
49%
1981 1 A Woman Needs Love (Just Like You Do) Ray Parker Jr. / Raydio
49%
1986 1 Who's Johnny ("Short Circular" Theme) El DeBarge
47%
1987 2 Candy Cameo
44%
1986 3 Word Up Cameo
44%
1984 4 She's Strange Cameo
44%
1985 1 Rhythm of the Night DeBarge
44%
1983/1984 5 Time Will Reveal DeBarge
44%
1985 3 Missing You Diana Ross
44%
1980 4 Upside Down Diana Ross
44%
1988 1 One More Try George Michael
44%
1987 1 I Need Love LL Cool J
44%
1987 1 System of Survival Earth, Wind & Fire
42%
1981/1982 8 Let's Groove Earth, Wind & Fire
42%
1988 1 Paradise Sade
42%
1985 4 Nightshift Commodores
40%
1984 3 Let's Hear It for the Boy Deniece Williams
40%
1982 2 It's Gonna Take a Miracle Deniece Williams
40%
1986 3 That's What Friends Are For Dionne & Friends
40%
1984 5 Somebody's Watching Me Rockwell
40%
1986 4 On My Own Patti LaBelle / Michael McDonald
38%
1988 1 Loosey's Rap Rick James
38%
1983 6 Cold Blooded Rick James
38%
1981 5 Give It to Me Baby Rick James
38%
1985 2 We Are the World USA for Africa
38%
1989 2 Dreamin' Vanessa Williams
38%
1989 2 Love Saw It Karyn White
36%
1989 3 Superwoman Karyn White
36%
1988 1 The Way You Love Me Karyn White
36%
1984 4 If Only You Knew Patti LaBelle
36%
1989 1 Just Because Anita Baker
31%
1988 2 Giving You the Best That I Got Anita Baker
31%
1986 2 Love You Down Ready for the World
31%
1985 2 Oh Sheila Ready for the World
31%
1988 1 Mercedes Boy Pebbles
29%
1988 2 Girlfriend Pebbles
29%
1981 5 Being with You Smokey Robinson
29%
1988 1 Wishing Well Terrence Trent D'Arby
29%
1989 1 All of My Love The Gap Band
29%
1983 1 Outstanding The Gap Band
29%
1982 3 Early in the Morning The Gap Band
29%
1981 2 Burn Rubber (Why You Wanna Hurt Me) The Gap Band
29%
1982 1 Turn Your Love Around George Benson
27%
1980 3 Give Me the Night George Benson
27%
1987 1 Rock Steady The Whispers
27%
1980 5 And the Beat Goes On The Whispers
27%
1987 1 Lost in Emotion Lisa Lisa and Cult Jam
24%
1987 2 Head to Toe Lisa Lisa and Cult Jam
24%
1989 1 Back to Life (However Do You Want Me) Soul II Soul
24%
1989 2 Keep On Movin' Soul II Soul
24%
1989 1 Me Myself and I De La Soul
22%
1982 5 Love Comes Down Evelyn King
22%
1981 1 I'm in Love Evelyn King
22%
1989 1 Real Love Jody Watley
22%
1987 3 Looking for a New Love Jody Watley
22%
1988 3 I Want Her Keith Sweat
22%
1989 1 Just Coolin' LeVert
22%
1988 2 Addicted to You LeVert
22%
1987 2 Casanova LeVert
22%
1986 1 (Pop Pop Pop Pop) Goes My Mind LeVert
22%
1982 5 Let It Whip Dazz Band
20%
1980 1 The Second Time Around Shalamar
20%
1986 2 Do You Get Enough Love Shirley Jones
20%
1988 1 Ooo La La La Teena Marie
20%
1989 1 My First Love Atlantic Starr
18%
1987 2 Always Atlantic Starr
18%
1989/1990 2 Tender Lover Babyface
18%
1989 2 It's No Crime Babyface
18%
1982 1 I Can't Go for That (No Can Do) Daryl Hall John Oates
18%
1987 1 I Want to Be Your Man Roger
18%
1981 2 I Heard It Through the Grapevine Roger
18%
1984 3 Solid Ashford & Simpson
16%
1988 1 Da'Butt (From the Film "School Daze") E.U.
16%
1981 2 When She Was My Girl Four Tops
16%
1988 2 Just Got Paid Johnny Kemp
16%
1983 8 Juicy Fruit Mtume
16%
1982 2 Dance Floor (Part I) Zapp
16%
1988 2 Tumblin' Down Ziggy Marley
16%
1988 2 Off On Your Own (Girl) Al B. Sure!
13%
1988 3 Nite and Day Al B. Sure!
13%
1984 1 Encore Cheryl Lynn
13%
1981 4 Double Dutch Bus Frankie Smith
13%
1983 4 Atomic Dog George Clinton
13%
1986 2 Shake You Down Gregory Abbott
13%
1986 1 Ain't Nothin' Goin' On But the Rent Gwen Guthrie
13%
1987 1 Slow Down Loose Ends
11%
1985 1 Hangin' On a String Loose Ends
11%
1988 2 Fishnet Morris Day
11%
1986 2 The Rain Oran 'Juice' Jones
11%
1989 1 Show & Tell Peabo Bryson
11%
1988 2 Joy Teddy Pendergrass
11%
1989 1 Lucky Charm The Boys
11%
1988 1 Dial My Heart The Boys
11%
1980 4 Don't Say Goodnight (It's Time for Love) (Parts 1 & 2) The Isley Brothers
11%
1980 5 Take Your Time (Do It Right) The S.O.S. Band
11%
1986 2 Rumors Timex Social Club
11%
1987 2 Fake Alexander O'Neal
9%
1988 1 Love Overboard Gladys Knight and the Pips
9%
1983 1 Save the Overtime (For Me) Gladys Knight and the Pips
9%
1989 1 Miss You Like Crazy Natalie Cole
9%
1980 1 Special Lady Ray, Goodman & Brown
9%
1989 1 Oasis Roberta Flack
9%
1989 1 Home Stephanie Mills
9%
1989 1 Something in the Way (You Make Me Feel) Stephanie Mills
9%
1987 1 (You're Puttin') A Rush on Me Stephanie Mills
9%
1987 3 I Feel Good All Over Stephanie Mills
9%
1986 2 I Have Learned to Respect the Power of Love Stephanie Mills
9%
1980 2 Stomp The Brothers Johnson
9%
1989 2 Have You Had Your Love Today The O'Jays
9%
1987 1 Lovin' You The O'Jays
9%
1981 1 Sukiyaki A Taste of Honey
7%
1985/1986 3 Don't Say No Tonight Eugene Wilde
7%
1985 1 Gotta Get You Home Tonight Eugene Wilde
7%
1981 2 Fantastic Voyage Lakeside
7%
1987 1 Don't Disturb This Groove The System
7%
1988 1 Little Walter Tony Toni Tone
7%
1982 4 And I Am Telling You I'm Not Going Dreamgirls
4%
1987 2 Diamonds Herb Alpert
4%
1980 2 One in a Million You Larry Graham
4%
1987 1 Falling Melba Moore
4%
1984/1985 5 Operator Midnight Star
4%
1989 1 Ain't Nuthin' in the World Miki Howard
4%
1989 1 Baby Come to Me Regina Belle
4%
1989 2 You Are My Everything Surface
4%
1989 1 Shower Me with Your Love Surface
4%
1989 2 Closer than Friends Surface
4%
1988 1 Roses Are Red The Mac Band
4%
1984 1 Don't Waste Your Time Yarbrough & Peoples
4%
1981 5 Don't Stop the Music Yarbrough & Peoples
4%
1988 1 Thanks for My Child Cheryl Pepsii Riley
2%
1989 1 Turned Away Chuckii Booker
2%
1987 2 Love Is a House Force M.D.'s
2%
1985 3 Caravan of Love Isley-Jasper-Isley
2%
1988 1 She's On the Left Jeffrey Osborne
2%
1989 2 Can't Get Over You Maze
2%
1985 2 Back in Stride Maze
2%
1986 3 Do Me Baby Meli'sa Morgan
2%
1984 1 Lovelite O'Bryan
2%
1986 1 Your Smile Rene & Angela
2%
1985 2 Save Your Love (For #1) Rene & Angela
2%
1982 3 If It Ain't One Thing...It's Another Richard "Dimples" Fields
2%
1989 2 Start of a Romance Skyy
2%
1982 2 Call Me Skyy
2%
1989 1 My Fantasy (From "Do the Right Thing") Teddy Riley
2%
1980 4 Funkin' for Jamaica (N.Y.) Tom Browne
2%
1987 2 Angel Angela Winbush
0%
1988 1 Everything I Miss at Home Cherrelle
0%
1989 1 Remember (The First Time) Eric Gable
0%
1986 2 Closer Than Close Jean Carne
0%
1989 1 Girl I Got My Eyes on You Today
0%
No matching quizzes found
Score Distribution
Percent of People with Each Score
Percentile by Number Answered
Your Score History
You have not taken this quiz